Dairy cattle and milk production. / (Record no. 2423)

MARC details
000 -LEADER
fixed length control field 00739cam a22002531 4500
001 - CONTROL NUMBER
control field BD-DhSAU 2423
003 - CONTROL NUMBER IDENTIFIER
control field BD-DhSAU
005 - DATE AND TIME OF LATEST TRANSACTION
control field 20150128124149.0
008 - FIXED-LENGTH DATA ELEMENTS--GENERAL INFORMATION
fixed length control field 730216s1956 nyua 001 0 eng
040 ## - CATALOGING SOURCE
Original cataloging agency BD-DhSAU
082 ## - DEWEY DECIMAL CLASSIFICATION NUMBER
Edition number 22
Classification number 637.12
Item number ECD
100 1# - MAIN ENTRY--PERSONAL NAME
Personal name Eckles, C. H.
Fuller form of name (Clarence Henry)
245 10 - TITLE STATEMENT
Title Dairy cattle and milk production.
Statement of responsibility, etc. Clarence H. Eckles & Revised by Ernest L. Anthony
250 ## - EDITION STATEMENT
Edition statement 5th ed.
260 ## - PUBLICATION, DISTRIBUTION, ETC. (IMPRINT)
Place of publication, distribution, etc. New York :
Name of publisher, distributor, etc. The Macmillan Co. ,
Date of publication, distribution, etc. c1956.
300 ## - PHYSICAL DESCRIPTION
Extent xix, 587 p. :
Other physical details ill. ;
Dimensions 22 cm.
504 ## - BIBLIOGRAPHY, ETC. NOTE
Bibliography, etc Includes index.
590 ## - Name of Cataloguer
Name of Cataloger Jerin
650 #0 - SUBJECT ADDED ENTRY--TOPICAL TERM
Topical term or geographic name as entry element Dairying.
650 #0 - SUBJECT ADDED ENTRY--TOPICAL TERM
Topical term or geographic name as entry element Dairy cattle.
650 #0 - SUBJECT ADDED ENTRY--TOPICAL TERM
Topical term or geographic name as entry element Milk.
650 #0 - SUBJECT ADDED ENTRY--TOPICAL TERM
Topical term or geographic name as entry element Animal Husbandry
700 1# - ADDED ENTRY--PERSONAL NAME
Personal name Revised by Anthony, Ernest L.
Fuller form of name (Ernest Lee)
942 ## - ADDED ENTRY ELEMENTS (KOHA)
Source of classification or shelving scheme Dewey Decimal Classification
Koha item type Book
Holdings
Withdrawn status Lost status Source of classification or shelving scheme Damaged status Not for loan Home library Branch Name Shelving location Date acquired Total Checkouts Full call number Barcode Date last seen Price effective from Koha item type Collection code
    Dewey Decimal Classification     SAU Library SAU Library General Stacks 16/01/1979   637.12 ECD 2160 28/01/2015 28/01/2015 Book  
    Dewey Decimal Classification     SAU Library SAU Library General Stacks 16/01/1979   637.12 ECD 2164 28/01/2015 28/01/2015 Book  
    Dewey Decimal Classification     SAU Library SAU Library General Stacks 16/01/1979   637.12 ECD 2161 28/01/2015 28/01/2015 Book  
    Dewey Decimal Classification     SAU Library SAU Library General Stacks 16/01/1979   636.21 ECD 2165 28/01/2015 28/01/2015 Book  
    Dewey Decimal Classification     SAU Library SAU Library General Stacks 16/01/1979   636.21 ECD 2162 28/01/2015 28/01/2015 Book  
    Dewey Decimal Classification     SAU Library SAU Library General Stacks 16/01/1979   637.12 ECD 2166 28/01/2015 28/01/2015 Book  
    Dewey Decimal Classification     SAU Library SAU Library General Stacks 16/01/1979   637.12 ECD 2163 29/01/2015 29/01/2015 Book  
    Dewey Decimal Classification   Not For Loan SAU Library SAU Library Reference 16/01/1979   637.12 ECD 2159 30/05/2015 30/05/2015 Book Reference